Trouvez le concurrent direct du logo - Statistiques

Statistiques générales
  • Ce quiz a été pris 415 fois
  • Le résultat moyen est 9 sur 16
Statistiques - réponses
Par images Réponse % Correct
Coca Cola
95%
Nike
94%
Xbox
90%
Samsung
89%
Deezer
87%
Audi
78%
Mars
75%
Burger King
61%
Total
61%
Visa
59%
Safari
36%
Louis Vuitton
33%
Lacoste
31%
Suzuki
18%
Colissimo
12%
Powerade
6%
Aucun quiz correspondant
Distribution des résultats
% des personnes avec chaque résultat
Percentile par nombre de réponses
Votre historique - résultats
Vous n’avez pas pris ce quiz